000 00625nam a2200229Ia 4500
003 OSt
005 20220926041907.0
006 a|||||r|||| 00| 0
007 ta
008 220923b |||||||| |||| 00| 0 eng d
037 _cGeneral Book
040 _aRTL
_cRTL
_beng
041 _2eng
_aeng
082 _aU.198.N5, F8
100 _aJoerg W.L.G
_9345520
245 0 _aGEOGRAPHY OF polar regions etc
260 _c1923
490 _aAmerican geogrpahical society special publicaiton
650 _aWorld Geography
_9205937
942 _hU.198.N5, F8
_cGB
_2CC
999 _c668327
_d668327